00825 2200241 4500001002100000005001700021008004100038035002400079090002300103245013700126250001100263260010500274300002900379500003100408500001100439650003600450700002100486700002500507850001500532980001500547985000600562999001500568YOGYA-0209000000071720090227020358.0 ind  0010-020900000000717 a301.155099261bSis aSistem kepemimpinan dalam masyarakat pedesaan Sulawesi SelatancTim penulis, Muh. Yamin data...[et.al.] ; editor Sri Saodah Herutomo aCet. 1 aJakartabDepdikbud. Dirjend. Kebudayaan Proyek Inventarisasi dan Dokumentasi Kebudayaan daerahc1984 avi, 109 hlmbilusc23 cm aBibliografi : hlm. 111-112 aIndeks aSulawesi Selatan - Kepemimpinan adata, Muh. Yamin aHerutomo, Sri Saodah aYOPDYOG(B) a2005-06-14 a1 aA000004503